| 000 -CABECERA |
| Longitud fija campo de control |
00581nam a2200205 a 4500 |
| 001 - NÚMERO DE CONTROL |
| Número de control |
2008 |
| 003 - IDENTIFICADOR DEL NÚMERO DE CONTROL |
| Identificador del número de control |
CDMR |
| 005 - FECHA Y HORA DE LA ÚLTIMA TRANSACCIÓN |
| Fecha y hora de la última transacción |
20131113102710.0 |
| 008 - CÓDIGOS DE INFORMACIÓN DE LONGITUD FIJA |
| Códigos de información de longitud fija |
130130s2008||||sp |||||||||||||||||spa|d |
| 020 ## - NÚMERO INTERNACIONAL NORMALIZADO PARA LIBROS |
| Número Internacional Normalizado para Libros (ISBN) |
9788430946846 |
| 040 ## - FUENTE DE LA CATALOGACIÓN |
| Centro catalogador de origen |
CDMR |
| Lengua de catalogación |
cat |
| Centro transcriptor |
CPC LLEIDA |
| 100 1# - PUNTO DE ACCESO PRINCIPAL-NOMBRE DE PERSONA |
| Nombre de persona |
Llano, Rafael |
| 9 (RLIN) |
1498 |
| 245 13 - MENCIÓN DE TÍTULO |
| Título |
La especialización periodística |
| Mención de responsabilidad, etc. |
Rafael Llano |
| 260 ## - PUBLICACIÓN, DISTRIBUCIÓN, ETC. (PIE DE IMPRENTA) |
| Lugar de publicación, distribución, etc. |
Madrid |
| Fecha de publicación, distribución, etc. |
2008 |
| Nombre del editor, distribuidor, etc. |
Tecnos |
| 300 ## - DESCRIPCIÓN FÍSICA |
| Extensión |
619 p. |
| 650 04 - PUNTO DE ACCESO ADICIONAL DE MATERIA - TÉRMINO DE MATERIA |
| 9 (RLIN) |
3330 |
| Término de materia o nombre geográfico como elemento inicial |
Periodisme especialitzat |
| 650 04 - PUNTO DE ACCESO ADICIONAL DE MATERIA - TÉRMINO DE MATERIA |
| 9 (RLIN) |
2030 |
| Término de materia o nombre geográfico como elemento inicial |
Periodisme |
| Subdivisión de materia general |
Orientació professional |
| 650 04 - PUNTO DE ACCESO ADICIONAL DE MATERIA - TÉRMINO DE MATERIA |
| 9 (RLIN) |
4289 |
| Término de materia o nombre geográfico como elemento inicial |
Comunicació |
| Subdivisión de materia general |
Aspectes socials |
| 942 ## - ENTRADA DE ELEMENTOS AGREGADOS (KOHA) |
| Koha [por defecto] tipo de item |
Monografies |
| Fuente de clasificaión o esquema |
|